Lyrics to 'Stubborn Love' by The Lumineers - Statistics

General Stats
  • This quiz has been taken 61 times
  • The average score is 186 of 235
Answer Stats
Answer % Correct
a
96%
you
96%
and
93%
And
93%
be
93%
I
93%
love
93%
cheat
89%
cold
89%
do
89%
got
89%
lie
89%
Oh
89%
oh
89%
she
89%
steal
89%
we
89%
When
89%
can't
86%
did
86%
from
86%
her
86%
it
86%
knees
86%
on
86%
She'll
86%
the
86%
The
86%
up
86%
young
86%
your
86%
all
82%
beg
82%
care
82%
don't
82%
head
82%
Head
82%
in
82%
Make
82%
one
82%
think
82%
to
82%
told
82%
were
82%
we're
82%
at
79%
done
79%
enough
79%
keep
79%
Keep
79%
repair
79%
So
79%
this
79%
time
79%
better
75%
feel
75%
hole
75%
It's
75%
nothing
75%
of
75%
opposite
75%
really
75%
still
75%
tear
75%
than
75%
But
71%
pain
71%
attention
68%
indifference
68%
leave
68%
love's
68%
my
68%
now
68%
pay
68%
won't
68%
blame
64%
out
64%
screaming
64%
anymore
61%
come
61%
means
61%
porch
61%
same
61%
standing
61%
things
61%
those
61%
until
61%
years
61%
bundled
57%
close
57%
downstairs
57%
I'm
57%
like
57%
would
57%
these
54%
For
50%
never
50%
read
50%
believe
46%
trusted
46%
best
43%
own
43%
eyes
39%
highway
39%
say
39%
signs
39%
dear
36%
running
36%
Ooh
32%
ooh
32%
No matching quizzes found
Score Distribution
Percent of People with Each Score
Percentile by Number Answered
Your Score History
You have not taken this quiz